South Eastern Kenya University

Library Online Public Access Catalogue


Islamic family law in a changing world : (Record no. 18580)

MARC details
000 -LEADER
fixed length control field 01787cam a22004214a 4500
001 - CONTROL NUMBER
control field 12593197
003 - CONTROL NUMBER IDENTIFIER
control field OSt
005 - DATE AND TIME OF LATEST TRANSACTION
control field 20250904064925.0
008 - FIXED-LENGTH DATA ELEMENTS--GENERAL INFORMATION
fixed length control field 011119s2002 enk b 001 0 eng
010 ## - LIBRARY OF CONGRESS CONTROL NUMBER
LC control number 2001058138
020 ## - INTERNATIONAL STANDARD BOOK NUMBER
International Standard Book Number 1842770926
Qualifying information cased
020 ## - INTERNATIONAL STANDARD BOOK NUMBER
International Standard Book Number 1842770934
Qualifying information lib. bdg.
020 ## - INTERNATIONAL STANDARD BOOK NUMBER
International Standard Book Number 9781842770924
Qualifying information (cased)
020 ## - INTERNATIONAL STANDARD BOOK NUMBER
International Standard Book Number 9781842770931
Qualifying information (lib. bdg.)
035 ## - SYSTEM CONTROL NUMBER
System control number 12593197
040 ## - CATALOGING SOURCE
Original cataloging agency DLC
Transcribing agency DLC
Modifying agency DLC
042 ## - AUTHENTICATION CODE
Authentication code pcc
050 00 - LIBRARY OF CONGRESS CALL NUMBER
Classification number KBP540.3
Item number .I85 2002
082 00 - DEWEY DECIMAL CLASSIFICATION NUMBER
Classification number 346/.1671015
Edition number 21
100 ## - MAIN ENTRY--PERSONAL NAME
Personal name Abdullahi A. An-Naʻim
245 00 - TITLE STATEMENT
Title Islamic family law in a changing world :
Remainder of title a global resource book /
Statement of responsibility, etc. edited by Abdullahi A. An-Naʻim.
260 ## - PUBLICATION, DISTRIBUTION, ETC. (IMPRINT)
Place of publication, distribution, etc. London ;
-- New York :
Name of publisher, distributor, etc. Zed Books ;
Place of publication, distribution, etc. New York :
Name of publisher, distributor, etc. Distributed in the USA by Palgrave,
Date of publication, distribution, etc. 2002.
300 ## - PHYSICAL DESCRIPTION
Extent xvi, 320 p.
Dimensions 25 cm.
336 ## - CONTENT TYPE
Content type term text
Content type code txt
Source rdacontent
337 ## - MEDIA TYPE
Media type term unmediated
Media type code n
Source rdamedia
338 ## - CARRIER TYPE
Carrier type term volume
Carrier type code nc
Source rdacarrier
504 ## - BIBLIOGRAPHY, ETC. NOTE
Bibliography, etc Includes bibliographical references and index.
650 #0 - SUBJECT ADDED ENTRY--TOPICAL TERM
Topical term or geographic name as entry element Domestic relations (Islamic law)
700 1# - ADDED ENTRY--PERSONAL NAME
Personal name Naʻīm, ʻAbd Allāh Aḥmad,
Dates associated with a name 1946-
856 42 - ELECTRONIC LOCATION AND ACCESS
Materials specified Contributor biographical information
Uniform Resource Identifier <a href="http://www.loc.gov/catdir/bios/hol051/2001058138.html">http://www.loc.gov/catdir/bios/hol051/2001058138.html</a>
856 42 - ELECTRONIC LOCATION AND ACCESS
Materials specified Book review (H-Net)
Uniform Resource Identifier <a href="http://www.h-net.org/review/hrev-a0d5e4-aa">http://www.h-net.org/review/hrev-a0d5e4-aa</a>
856 41 - ELECTRONIC LOCATION AND ACCESS
Materials specified Table of contents
Uniform Resource Identifier <a href="http://www.loc.gov/catdir/toc/hol031/2001058138.html">http://www.loc.gov/catdir/toc/hol031/2001058138.html</a>
856 42 - ELECTRONIC LOCATION AND ACCESS
Materials specified Publisher description
Uniform Resource Identifier <a href="http://www.loc.gov/catdir/description/hol031/2001058138.html">http://www.loc.gov/catdir/description/hol031/2001058138.html</a>
906 ## - LOCAL DATA ELEMENT F, LDF (RLIN)
a 7
b cbc
c orignew
d 1
e ocip
f 20
g y-gencatlg
942 ## - ADDED ENTRY ELEMENTS (KOHA)
Source of classification or shelving scheme Library of Congress Classification
Koha item type General circulation
Holdings
Withdrawn status Lost status Source of classification or shelving scheme Damaged status Not for loan Home library Current library Shelving location Date acquired Source of acquisition Total Checkouts Full call number Barcode Date last seen Price effective from Koha item type Public note
    Library of Congress Classification     School of Law Library School of Law Library General Stacks 04/09/2025 Purchase   KBP540.3 .I85 2002 2025/028725 04/09/2025 04/09/2025 General circulation dm
    Library of Congress Classification     School of Law Library School of Law Library General Stacks 04/09/2025 Purchase   KBP540.3 .I85 2002 2025/028726 04/09/2025 04/09/2025 General circulation dm
Kitui, Kenya.
+254736116989
library@seku.ac.ke